00513nam a22001697a 450000500170000001000150001702000260003203500130005803700130007108200160008410000180010024500600011826000370017827000530021530000250026850000500029320140723160644.0 aENG-109978 c675.00a9788171326495 aEN-93511 bDBAD/PUB a631.5210954 aTrivedi, P.C.00aSeed technology and quality control /cby P.C. Trivedi  aJaipurbPointer Publishersc2011 a807,Vyas Buliding, S.M.S.HighwaybJaipure302003 axii,196p. c22cm(Hb) aIncludes bibliographical references and index